|
|
|
|
| LEADER |
00000naa a2200000uu 4500 |
| 001 |
vtls010939611 |
| 003 |
SK-MaSNL |
| 005 |
20260302122936.0 |
| 008 |
210902|2000 xo |||||||||||||||||slo| |
| 015 |
|
|
|a SNBRA
|
| 035 |
|
|
|a (urnnbn)urn:nbn:sk:snk:ar-a0ban7
|
| 035 |
|
|
|a (uuid)b1573516-7044-4446-8ca0-ce9e0ad1c518
|
| 035 |
|
|
|a urn:nbn:sk:snk-aau2xr
|
| 040 |
|
|
|a SNKBUCL
|b slo
|c SNKBUCL
|e AACR2
|
| 041 |
0 |
|
|a slo
|
| 044 |
|
|
|a xo
|c SK
|
| 100 |
1 |
|
|a Francisci, Cyril
|4 aut
|9 324424
|
| 245 |
1 |
0 |
|a MEDICÍNA A VZDELÁVANIE NA DIAĽKU PROSTREDNÍCTVOM ŠIROKOPÁSMOVÝCH SIETÍ?
|c Cyril Francisci
|
| 773 |
0 |
|
|t Telekomunikácie 2000
|d Bratislava : Adapt, 2000, 2000
|g S. 120-123
|z 8096804278
|
| 958 |
|
|
|a OND
|
| 958 |
|
|
|a article11
|
| 958 |
|
|
|a chapter
|
| 999 |
|
|
|c 1280413
|d 1282343
|